| 000 | 00672nam a22002057a 4500 | ||
|---|---|---|---|
| 003 | 0 | ||
| 005 | 20230913121015.0 | ||
| 008 | 230913b xxu||||| |||| 00| 0 eng d | ||
| 020 | _a978-0-323-78961-5 | ||
| 050 |
_aRT 41 _b.L49 2023 |
||
| 245 | _aLewis's medical-surgical nursing : assessment and management of clinical problems | ||
| 250 | _aTwelfth edition | ||
| 260 |
_aMissouri _bElsevier _cc2023. |
||
| 300 |
_axxix, 1800 pages : _bcol. ill. ; _c29 cm. |
||
| 500 | _aSurgical nursing. | ||
| 504 | _aIncludes bibliographical references, glossary and index. | ||
| 650 | _aSurgical nursing. | ||
| 650 | _aNursing -- handbooks, manuals, etc. | ||
| 942 |
_2lcc _cBK |
||
| 999 |
_c365294 _d365294 |
||